000 01017nam a2200241 i 4500
001 67249
003 ES-MaACL
005 20260302142354.0
007 t|
008 040511s2004 sp |||| | spa d
080 _a929 Mesonero Romanos, Ramón de
100 0 _aMartínez Martín, Jesús A.
_d1958-
_978202
245 1 4 _aLos libros de Mesonero Romanos y las lecturas de su tiempo /
_cpor Jesús A. Martínez Martín.
260 _aMadrid :
_bAyuntamiento de Madrid, Concejalía de Gobierno de las Artes :
_bInstituto de Estudios Madrileños,
_c2004.
300 _a32 p. ;
_c21 cm.
490 1 _aCiclo de conferencias: Don Ramón de Mesonero Romanos y su tiempo ;
_v15
500 _aPrecede al tít.: Centro Mesonero Romanos.
600 1 4 _aMesonero Romanos, Ramón de,
_d1803-1882-
_xBiblioteca
_980673
710 2 _aInstituto de Estudios Madrileños
_94916
830 0 _aCiclo de conferencias: Don Ramón de Mesonero Romanos y su tiempo ;
_v15
_9183143
852 _aES-MaACL
_j2175-F-18
999 _c67249
_d67249